Personnalités qui ont donné leur nom à une ville en mort subite - Statistiques

Statistiques générales
  • Ce quiz a été pris 35 fois
  • Le résultat moyen est 24 sur 55
Answers on the Grid
Answers color-coded by a green-red scale on the quiz's grid according to % correct below.
Adélaïde de Saxe-Meiningen : Adélaïde (Australie)
Alexandre le Grand : Alexandrie (Égypte)
Antoine de Padoue : San Antonio (Texas/États-Unis)
Boleslav II de Bohême : Mladá Boleslav (Tchéquie)
Simón Bolívar : Ciudad Bolívar (Venezuela)
Pierre Boucher : Boucherville (Canada)
Thomas Brisbane : Brisbane (Australie)
Sadi Carnot : Carnot (République centrafricaine)
Catherine Ire de Russie : Iekaterinbourg (Russie)
Charles Ier de Mantoue : Charleville (France)
Charles Quint : Charleroi (Belgique)
Charles-Albert : Albertville (France)
Christophe Colomb : Columbus (Ohio/États-Unis)
Charles Darwin : Darwin (Australie)
Denis de Paris : Saint-Denis (Seine-Saint-Denis/France)
Benjamin d'Urban : Durban (Afrique du Sud)
Thomas Edison : Edison (New Jersey) (États-Unis)
François Ier (roi de France) : Vitry-le-François (France)
François d'Assise : San Francisco (Californie/États-Unis)
Frédéric II (roi de Danemark) : Fredrikstad (Norvège)
Vasco de Gama : Vasco da Gama (Goa) (Inde)
Émile Gentil : Port-Gentil (Gabon)
George III : Georgetown (Guyana)
Gratien : Grenoble (France)
Henry Hamilton : Hamilton (Bermudes)
Hô Chi Minh : Hô Chi Minh-Ville (Viêt Nam)
Samuel Houston : Houston (Texas/États-Unis)
Andrew Jackson : Jacksonville (Floride/États-Unis)
Benito Juárez : Ciudad Juárez (Mexique)
Mikhaïl Kalinine : Kaliningrad (Russie)
Henry Knox : Knoxville (Tennessee/États-Unis)
La Fayette : Lafayette (Louisiane/États-Unis)
Antoine de Lamothe-Cadillac: Cadillac (Michigan/États-Unis)
Nicolas Eugène Levallois : Levallois-Perret (France)
Abraham Lincoln : Lincoln (Nebraska/États-Unis)
Louis IX : Saint-Louis (Missouri/États-Unis)
Jules Mazarin : Chilly-Mazarin (France)
James Monroe : Monrovia (Liberia)
John Moresby : Port Moresby (Papouasie-Nouvelle-Guinée)
Francis Nash : Nashville (Tennessee/États-Unis)
Pierre Ier le Grand : Saint-Pétersbourg (Russie)
Pontiac (chef outaouais) : Pontiac (Michigan/États-Unis)
Quentin (martyr) : Saint-Quentin (France)
Walter Raleigh : Raleigh (Caroline du Nord/États-Unis)
Anouar el-Sadate : Sadat City (Égypte)
John Coape Sherbrooke : Sherbrooke (Québec/Canada)
Antonio José de Sucre : Sucre (Bolivie)
Tibère : Tibériade (Israël)
George Vancouver : Vancouver (Canada)
Victoria (reine) : Victoria (Seychelles)
Voltaire : Ferney-Voltaire (France)
George Washington : Washington (district de Columbia/États-Unis)
Arthur Wellesley (1er duc de Wellington) : Wellington (Nouvelle-Zélande)
William J. Worth: Fort Worth (Texas/États-Unis)
Tariq ibn Ziyad : Gibraltar (Royaume-Uni)
Chrétien de Troyes : Troyes (France)
Modibo Bamako : Bamako (Mali)
Tekoa Chicago (chef amérindien) : Chicago (Illinois/États-Unis))
Hirohito : Hiroshima (Japon)
Dietrich Hamburger : Hambourg (Allemagne)
 
Statistiques - réponses
Réponse % Correct
Alexandre le Grand : Alexandrie (Égypte)
66%
Charles Quint : Charleroi (Belgique)
63%
George Washington : Washington (district de Columbia/États-Unis)
59%
Andrew Jackson : Jacksonville (Floride/États-Unis)
56%
Charles Darwin : Darwin (Australie)
56%
Mikhaïl Kalinine : Kaliningrad (Russie)
56%
Pierre Ier le Grand : Saint-Pétersbourg (Russie)
56%
Victoria (reine) : Victoria (Seychelles)
56%
Abraham Lincoln : Lincoln (Nebraska/États-Unis)
53%
Catherine Ire de Russie : Iekaterinbourg (Russie)
53%
George III : Georgetown (Guyana)
53%
Henry Hamilton : Hamilton (Bermudes)
53%
Hô Chi Minh : Hô Chi Minh-Ville (Viêt Nam)
53%
La Fayette : Lafayette (Louisiane/États-Unis)
53%
Vasco de Gama : Vasco da Gama (Goa) (Inde)
53%
Denis de Paris : Saint-Denis (Seine-Saint-Denis/France)
50%
Simón Bolívar : Ciudad Bolívar (Venezuela)
50%
Thomas Edison : Edison (New Jersey) (États-Unis)
50%
Anouar el-Sadate : Sadat City (Égypte)
47%
Arthur Wellesley (1er duc de Wellington) : Wellington (Nouvelle-Zélande)
47%
Benito Juárez : Ciudad Juárez (Mexique)
47%
Frédéric II (roi de Danemark) : Fredrikstad (Norvège)
47%
Henry Knox : Knoxville (Tennessee/États-Unis)
47%
James Monroe : Monrovia (Liberia)
47%
John Moresby : Port Moresby (Papouasie-Nouvelle-Guinée)
47%
Samuel Houston : Houston (Texas/États-Unis)
47%
Christophe Colomb : Columbus (Ohio/États-Unis)
44%
George Vancouver : Vancouver (Canada)
44%
Quentin (martyr) : Saint-Quentin (France)
44%
William J. Worth: Fort Worth (Texas/États-Unis)
44%
Adélaïde de Saxe-Meiningen : Adélaïde (Australie)
41%
Antoine de Lamothe-Cadillac: Cadillac (Michigan/États-Unis)
41%
Antoine de Padoue : San Antonio (Texas/États-Unis)
41%
Antonio José de Sucre : Sucre (Bolivie)
41%
Jules Mazarin : Chilly-Mazarin (France)
41%
Benjamin d'Urban : Durban (Afrique du Sud)
38%
Charles-Albert : Albertville (France)
38%
Charles Ier de Mantoue : Charleville (France)
38%
François Ier (roi de France) : Vitry-le-François (France)
38%
John Coape Sherbrooke : Sherbrooke (Québec/Canada)
38%
Sadi Carnot : Carnot (République centrafricaine)
38%
Walter Raleigh : Raleigh (Caroline du Nord/États-Unis)
38%
Boleslav II de Bohême : Mladá Boleslav (Tchéquie)
34%
Francis Nash : Nashville (Tennessee/États-Unis)
34%
Louis IX : Saint-Louis (Missouri/États-Unis)
34%
Pontiac (chef outaouais) : Pontiac (Michigan/États-Unis)
34%
Thomas Brisbane : Brisbane (Australie)
34%
Tibère : Tibériade (Israël)
34%
Émile Gentil : Port-Gentil (Gabon)
31%
François d'Assise : San Francisco (Californie/États-Unis)
31%
Nicolas Eugène Levallois : Levallois-Perret (France)
31%
Pierre Boucher : Boucherville (Canada)
28%
Tariq ibn Ziyad : Gibraltar (Royaume-Uni)
28%
Voltaire : Ferney-Voltaire (France)
28%
Gratien : Grenoble (France)
22%
Aucun quiz correspondant
Distribution des résultats
% des personnes avec chaque résultat
Percentile par nombre de réponses
Votre historique - résultats
Vous n’avez pas pris ce quiz